000 00386nam a22001457a 4500
020 _a0256125767
040 _cNust
082 _a658.5
_bBOY
100 _aBoyd
_9127466
245 _aMarketing management
_bA strategic approach with a global orientation
250 _a2nd edition
260 _aChicago:
_bIRWIN,
_c1995.
650 _aMarketing management
_913752
942 _2ddc
_cBK
999 _c612585
_d612585